[Event "Landsturneringen 2017"]
[Site "Clarion Energy Hotel, Stavanger"]
[Date "2017.06.30"]
[Round "1"]
[White "Kaasen, Tor Fredrik"]
[Black "Hammer, Jon Ludvig"]
[Result "1/2-1/2"]
[WhiteElo "2402"]
[BlackElo "2628"]
[PlyCount "132"]

1. c4 {[%clk 1:27:52]} e5 {[%clk 1:29:12]} 2. g3 {[%clk 1:27:07]} d6
{[%clk 1:24:13]} 3. Bg2 {[%clk 1:25:06]} f5 {[%clk 1:24:18]} 4. Nc3
{[%clk 1:18:37]} Nf6 {[%clk 1:23:32]} 5. e3 {[%clk 1:17:35]} c6 {[%clk 1:19:05]}
6. Nge2 {[%clk 1:13:55]} Be7 {[%clk 1:10:17]} 7. d4 {[%clk 1:13:06]} e4
{[%clk 0:59:23]} 8. f3 {[%clk 1:05:23]} exf3 {[%clk 0:59:23]} 9. Bxf3
{[%clk 1:05:48]} O-O {[%clk 0:59:33]} 10. O-O {[%clk 1:04:46]} Nbd7
{[%clk 0:57:22]} 11. Nf4 {[%clk 1:00:05]} Nb6 {[%clk 0:57:26]} 12. Qd3
{[%clk 1:00:07]} g5 {[%clk 0:48:51]} 13. Nh5 {[%clk 0:56:40]} Ng4
{[%clk 0:42:55]} 14. Bxg4 {[%clk 0:37:27]} fxg4 {[%clk 0:43:08]} 15. Bd2
{[%clk 0:37:54]} Qe8 {[%clk 0:26:44]} 16. Rxf8+ {[%clk 0:37:35]} Qxf8
{[%clk 0:27:06]} 17. Rf1 {[%clk 0:37:55]} Qh6 {[%clk 0:26:25]} 18. Qe4
{[%clk 0:30:20]} Qe6 {[%clk 0:26:48]} 19. b3 {[%clk 0:29:14]} d5 {[%clk 0:20:42]}
20. cxd5 {[%clk 0:24:37]} Qxe4 {[%clk 0:20:25]} 21. Nxe4 {[%clk 0:24:57]} Nxd5
{[%clk 0:20:48]} 22. Nc3 {[%clk 0:17:48]} Nc7 {[%clk 0:05:40]} 23. e4
{[%clk 0:15:53]} h6 {[%clk 0:04:55]} 24. d5 {[%clk 0:12:24]} Bc5+
{[%clk 0:05:21]} 25. Kg2 {[%clk 0:12:01]} Ne8 {[%clk 0:05:50]} 26. dxc6
{[%clk 0:09:49]} bxc6 {[%clk 0:03:08]} 27. Nf6+ {[%clk 0:10:12]} Nxf6
{[%clk 0:03:35]} 28. Rxf6 {[%clk 0:10:36]} Bb7 {[%clk 0:00:36]} 29. Rxh6
{[%clk 0:04:28]} Bb4 {[%clk 0:00:46]} 30. a3 {[%clk 0:02:33]} Bxa3
{[%clk 0:01:13]} 31. Bxg5 {[%clk 0:02:14]} Kg7 {[%clk 0:00:50]} 32. Rh4
{[%clk 0:01:50]} Bc8 {[%clk 0:01:12]} 33. Bf4 {[%clk 0:01:19]} Bb2
{[%clk 0:00:57]} 34. Be5+ {[%clk 0:01:38]} Kg6 {[%clk 0:01:21]} 35. Rh8
{[%clk 0:01:50]} Bb7 {[%clk 0:01:41]} 36. Rxa8 {[%clk 0:00:51]} Bxa8
{[%clk 0:02:05]} 37. Kf2 {[%clk 0:01:16]} c5 {[%clk 0:00:41]} 38. Ke3
{[%clk 0:01:30]} a6 {[%clk 0:00:34]} 39. Kf4 {[%clk 0:00:54]} Bxc3
{[%clk 0:00:31]} 40. Bxc3 {[%clk 0:01:17]} Bc6 {[%clk 0:00:37]} 41. Bd2
{[%clk 0:01:00]} Bd7 {[%clk 0:00:37]} 42. Be3 {[%clk 0:01:21]} Be6
{[%clk 0:26:38]} 43. Bxc5 {[%clk 0:31:44]} Kf6 {[%clk 0:26:57]} 44. b4
{[%clk 0:28:13]} Bd7 {[%clk 0:26:49]} 45. Bd4+ {[%clk 0:28:39]} Kg6
{[%clk 0:26:42]} 46. Ke5 {[%clk 0:27:34]} Kf7 {[%clk 0:24:45]} 47. Kd6
{[%clk 0:27:01]} Be6 {[%clk 0:23:41]} 48. Be5 {[%clk 0:24:55]} Bb3
{[%clk 0:22:06]} 49. Bf4 {[%clk 0:24:47]} Bc2 {[%clk 0:22:17]} 50. Ke5
{[%clk 0:24:37]} Kg6 {[%clk 0:22:07]} 51. Be3 {[%clk 0:23:51]} Bb3
{[%clk 0:22:31]} 52. Kd6 {[%clk 0:23:15]} Kf7 {[%clk 0:22:52]} 53. Ke5
{[%clk 0:21:26]} Be6 {[%clk 0:22:23]} 54. Bg1 {[%clk 0:21:50]} Bc8
{[%clk 0:22:10]} 55. Kf4 {[%clk 0:22:12]} Kg6 {[%clk 0:22:29]} 56. e5
{[%clk 0:21:45]} Be6 {[%clk 0:21:18]} 57. h4 {[%clk 0:21:27]} gxh3
{[%clk 0:21:43]} 58. g4 {[%clk 0:21:55]} Bd7 {[%clk 0:22:02]} 59. Kg3
{[%clk 0:22:16]} h2 {[%clk 0:22:07]} 60. Bxh2 {[%clk 0:22:42]} Kg5
{[%clk 0:22:31]} 61. Bg1 {[%clk 0:22:39]} Bxg4 {[%clk 0:22:54]} 62. Be3+
{[%clk 0:23:06]} Kf5 {[%clk 0:22:45]} 63. e6 {[%clk 0:23:31]} Bh5
{[%clk 0:22:57]} 64. e7 {[%clk 0:23:53]} Ke6 {[%clk 0:23:21]} 65. Kf4
{[%clk 0:24:01]} Kxe7 {[%clk 0:23:43]} 66. Ke5 {[%clk 0:24:28]} Be2
{[%clk 0:24:02]}
1/2-1/2

[Event "Landsturneringen 2017"]
[Site "Clarion Energy Hotel, Stavanger"]
[Date "2017.06.30"]
[Round "1"]
[White "Agdestein, Simen"]
[Black "Løvik, Lasse Østebø"]
[Result "1-0"]
[WhiteElo "2604"]
[BlackElo "2400"]
[PlyCount "81"]

1. Nf3 {[%clk 1:30:53]} Nf6 {[%clk 1:30:44]} 2. g3 {[%clk 1:30:21]} g6
{[%clk 1:31:02]} 3. b3 {[%clk 1:27:30]} Bg7 {[%clk 1:30:36]} 4. Bb2
{[%clk 1:27:57]} c5 {[%clk 1:29:16]} 5. c4 {[%clk 1:26:42]} Nc6 {[%clk 1:26:16]}
6. Bg2 {[%clk 1:25:10]} O-O {[%clk 1:23:41]} 7. O-O {[%clk 1:25:07]} d6
{[%clk 1:19:19]} 8. d4 {[%clk 1:13:03]} d5 {[%clk 0:58:51]} 9. dxc5
{[%clk 0:50:51]} dxc4 {[%clk 0:57:13]} 10. Ne5 {[%clk 0:38:48]} Nxe5
{[%clk 0:44:07]} 11. Qxd8 {[%clk 0:35:27]} Rxd8 {[%clk 0:44:29]} 12. Bxe5
{[%clk 0:35:55]} cxb3 {[%clk 0:41:17]} 13. axb3 {[%clk 0:34:30]} Nd5
{[%clk 0:39:02]} 14. Bxg7 {[%clk 0:34:53]} Kxg7 {[%clk 0:39:26]} 15. Rc1
{[%clk 0:32:30]} Be6 {[%clk 0:33:23]} 16. Na3 {[%clk 0:30:12]} Rac8
{[%clk 0:24:22]} 17. Nb5 {[%clk 0:28:09]} a6 {[%clk 0:20:44]} 18. Nd4
{[%clk 0:28:22]} Rc7 {[%clk 0:11:50]} 19. Nxe6+ {[%clk 0:27:58]} fxe6
{[%clk 0:12:15]} 20. Rc4 {[%clk 0:27:22]} Rdc8 {[%clk 0:11:54]} 21. b4
{[%clk 0:26:32]} b6 {[%clk 0:10:25]} 22. Rxa6 {[%clk 0:22:35]} bxc5
{[%clk 0:10:29]} 23. b5 {[%clk 0:21:25]} Kf7 {[%clk 0:09:50]} 24. Bh3
{[%clk 0:20:22]} Kg7 {[%clk 0:07:33]} 25. Bxe6 {[%clk 0:19:11]} Rd8
{[%clk 0:07:58]} 26. Rc6 {[%clk 0:17:46]} Rb7 {[%clk 0:04:37]} 27. R4xc5
{[%clk 0:15:00]} Nb6 {[%clk 0:04:05]} 28. f4 {[%clk 0:09:04]} Rd4
{[%clk 0:01:23]} 29. Rc7 {[%clk 0:05:51]} Na4 {[%clk 0:01:09]} 30. R5c6
{[%clk 0:02:21]} Rxc7 {[%clk 0:01:09]} 31. Rxc7 {[%clk 0:02:49]} Rb4
{[%clk 0:00:59]} 32. Rc4 {[%clk 0:01:08]} Rb1+ {[%clk 0:01:23]} 33. Kg2
{[%clk 0:01:10]} Nb6 {[%clk 0:01:47]} 34. Rc5 {[%clk 0:01:28]} Na4
{[%clk 0:01:34]} 35. Re5 {[%clk 0:01:40]} Nc3 {[%clk 0:01:52]} 36. Bc4
{[%clk 0:01:50]} Kf8 {[%clk 0:02:16]} 37. Bd3 {[%clk 0:01:28]} Rb2
{[%clk 0:02:28]} 38. h4 {[%clk 0:01:18]} Kf7 {[%clk 0:02:27]} 39. Kf3
{[%clk 0:01:16]} Na4 {[%clk 0:01:41]} 40. h5 {[%clk 0:00:39]} Nb6
{[%clk 0:01:56]} 41. hxg6+ {[%clk 0:00:43]}
1-0

[Event "Landsturneringen 2017"]
[Site "Clarion Energy Hotel, Stavanger"]
[Date "2017.06.30"]
[Round "1"]
[White "Haldorsen, Benjamin"]
[Black "Tari, Aryan"]
[Result "0-1"]
[WhiteElo "2356"]
[BlackElo "2593"]
[PlyCount "118"]

1. e4 {[%clk 1:30:44]} e5 {[%clk 1:30:45]} 2. Nf3 {[%clk 1:30:44]} Nc6
{[%clk 1:31:03]} 3. Bc4 {[%clk 1:30:20]} Nf6 {[%clk 1:30:52]} 4. d3
{[%clk 1:30:04]} Bc5 {[%clk 1:29:59]} 5. O-O {[%clk 1:29:25]} a6 {[%clk 1:29:59]}
6. c3 {[%clk 1:28:53]} Ba7 {[%clk 1:29:52]} 7. Nbd2 {[%clk 1:28:42]} O-O
{[%clk 1:28:32]} 8. Re1 {[%clk 1:26:54]} d6 {[%clk 1:26:02]} 9. Bb3
{[%clk 1:26:21]} Ng4 {[%clk 1:22:41]} 10. Re2 {[%clk 1:21:57]} Kh8
{[%clk 1:22:21]} 11. h3 {[%clk 1:08:12]} f5 {[%clk 1:22:10]} 12. Nf1
{[%clk 1:02:44]} Nh6 {[%clk 1:15:02]} 13. d4 {[%clk 0:56:01]} fxe4
{[%clk 0:54:51]} 14. Rxe4 {[%clk 0:54:10]} Bf5 {[%clk 0:51:40]} 15. Re1
{[%clk 0:48:36]} exd4 {[%clk 0:36:37]} 16. Bg5 {[%clk 0:38:06]} Qd7
{[%clk 0:36:51]} 17. Nxd4 {[%clk 0:37:48]} Nxd4 {[%clk 0:32:37]} 18. cxd4
{[%clk 0:31:17]} Rae8 {[%clk 0:31:48]} 19. Rxe8 {[%clk 0:28:45]} Rxe8
{[%clk 0:30:21]} 20. Ng3 {[%clk 0:26:35]} Bg6 {[%clk 0:29:25]} 21. Qd2
{[%clk 0:18:18]} d5 {[%clk 0:26:00]} 22. Bd1 {[%clk 0:15:14]} c6 {[%clk 0:21:33]}
23. h4 {[%clk 0:09:26]} Nf7 {[%clk 0:15:23]} 24. Be3 {[%clk 0:08:21]} Nd6
{[%clk 0:14:55]} 25. b3 {[%clk 0:07:18]} Ne4 {[%clk 0:08:36]} 26. Nxe4
{[%clk 0:07:30]} Bxe4 {[%clk 0:08:51]} 27. Bh5 {[%clk 0:06:14]} Rf8
{[%clk 0:08:47]} 28. Qe2 {[%clk 0:03:05]} Qd6 {[%clk 0:07:57]} 29. Bg4
{[%clk 0:02:21]} Qf6 {[%clk 0:07:55]} 30. f3 {[%clk 0:00:54]} Bxd4
{[%clk 0:08:05]} 31. Re1 {[%clk 0:00:51]} Bxe3+ {[%clk 0:06:57]} 32. Qxe3
{[%clk 0:01:18]} Qxh4 {[%clk 0:06:54]} 33. fxe4 {[%clk 0:00:35]} Qxg4
{[%clk 0:07:21]} 34. exd5 {[%clk 0:00:51]} cxd5 {[%clk 0:07:34]} 35. Qc5
{[%clk 0:00:34]} Qf5 {[%clk 0:06:49]} 36. Rd1 {[%clk 0:00:58]} Rd8
{[%clk 0:00:48]} 37. Qc7 {[%clk 0:01:06]} Qd7 {[%clk 0:00:59]} 38. Qf4
{[%clk 0:00:33]} h6 {[%clk 0:01:02]} 39. Qd4 {[%clk 0:00:50]} Qe6
{[%clk 0:00:56]} 40. Rc1 {[%clk 0:00:34]} Qd6 {[%clk 0:01:08]} 41. Re1
{[%clk 0:29:36]} Rc8 {[%clk 0:27:18]} 42. Kh1 {[%clk 0:28:02]} Rf8
{[%clk 0:26:13]} 43. Kg1 {[%clk 0:27:28]} Kg8 {[%clk 0:19:42]} 44. Re5
{[%clk 0:26:04]} Rd8 {[%clk 0:19:49]} 45. Kh1 {[%clk 0:25:44]} b6
{[%clk 0:18:13]} 46. b4 {[%clk 0:25:58]} b5 {[%clk 0:17:58]} 47. Kg1
{[%clk 0:25:45]} Qf6 {[%clk 0:16:59]} 48. a3 {[%clk 0:26:02]} Kh8
{[%clk 0:11:11]} 49. Kh2 {[%clk 0:25:04]} Qc6 {[%clk 0:11:26]} 50. Rh5
{[%clk 0:21:26]} Kg8 {[%clk 0:11:15]} 51. Rf5 {[%clk 0:20:41]} Qc4
{[%clk 0:10:48]} 52. Qa7 {[%clk 0:19:50]} d4 {[%clk 0:06:26]} 53. Qe7
{[%clk 0:19:13]} Rc8 {[%clk 0:06:23]} 54. Rf4 {[%clk 0:12:38]} Qc7
{[%clk 0:03:21]} 55. Qe6+ {[%clk 0:07:34]} Kh8 {[%clk 0:03:43]} 56. g3
{[%clk 0:06:27]} Rd8 {[%clk 0:02:43]} 57. Rf7 {[%clk 0:05:19]} Qd6
{[%clk 0:02:52]} 58. Qg4 {[%clk 0:05:22]} Qe5 {[%clk 0:03:16]} 59. Qh4
{[%clk 0:04:13]} Re8 {[%clk 0:03:27]}
0-1

[Event "Landsturneringen 2017"]
[Site "Clarion Energy Hotel, Stavanger"]
[Date "2017.06.30"]
[Round "1"]
[White "Urkedal, Frode Olav Olsen"]
[Black "Fossan, Erik"]
[Result "1-0"]
[WhiteElo "2541"]
[BlackElo "2347"]
[PlyCount "141"]

1. d4 {[%clk 1:30:58]} Nf6 {[%clk 1:30:57]} 2. c4 {[%clk 1:30:32]} e6
{[%clk 1:31:21]} 3. Nf3 {[%clk 1:30:58]} c5 {[%clk 1:31:37]} 4. d5
{[%clk 1:31:21]} b5 {[%clk 1:32:02]} 5. Bg5 {[%clk 1:31:13]} exd5
{[%clk 1:31:53]} 6. cxd5 {[%clk 1:31:37]} d6 {[%clk 1:32:15]} 7. e4
{[%clk 1:32:00]} a6 {[%clk 1:32:29]} 8. Bd3 {[%clk 1:32:25]} Be7 {[%clk 1:32:44]}
9. Bf4 {[%clk 1:32:54]} Bg4 {[%clk 1:21:15]} 10. Nbd2 {[%clk 1:32:24]} O-O
{[%clk 1:19:37]} 11. a4 {[%clk 1:31:06]} c4 {[%clk 1:13:59]} 12. Bc2
{[%clk 1:30:36]} Nbd7 {[%clk 1:13:58]} 13. h3 {[%clk 1:30:03]} Bxf3
{[%clk 1:12:27]} 14. Qxf3 {[%clk 1:27:12]} Rc8 {[%clk 0:59:12]} 15. axb5
{[%clk 1:24:56]} axb5 {[%clk 0:59:35]} 16. O-O {[%clk 1:25:02]} b4
{[%clk 0:56:25]} 17. Qe2 {[%clk 1:22:17]} b3 {[%clk 0:39:32]} 18. Bd1
{[%clk 1:22:25]} Nc5 {[%clk 0:38:10]} 19. Nxc4 {[%clk 1:12:41]} Nfxe4
{[%clk 0:36:39]} 20. Na5 {[%clk 1:12:39]} Bg5 {[%clk 0:33:56]} 21. Nc6
{[%clk 0:34:05]} Qf6 {[%clk 0:32:30]} 22. Bxg5 {[%clk 0:20:31]} Qxg5
{[%clk 0:32:45]} 23. Ra7 {[%clk 0:18:02]} Rce8 {[%clk 0:12:41]} 24. Re1
{[%clk 0:18:18]} Kh8 {[%clk 0:12:29]} 25. Nb4 {[%clk 0:16:00]} h6
{[%clk 0:10:18]} 26. Qe3 {[%clk 0:15:46]} Nf6 {[%clk 0:09:47]} 27. Qc3
{[%clk 0:15:51]} Nxd5 {[%clk 0:05:03]} 28. Nxd5 {[%clk 0:16:03]} Rxe1+
{[%clk 0:04:09]} 29. Qxe1 {[%clk 0:16:30]} Qxd5 {[%clk 0:04:36]} 30. Bf3
{[%clk 0:16:39]} Qd4 {[%clk 0:04:36]} 31. Rxf7 {[%clk 0:14:59]} Rxf7
{[%clk 0:00:47]} 32. Qe8+ {[%clk 0:15:26]} Kh7 {[%clk 0:01:14]} 33. Qxf7
{[%clk 0:15:48]} Qxb2 {[%clk 0:00:57]} 34. Bg4 {[%clk 0:16:10]} Qa1+
{[%clk 0:00:57]} 35. Kh2 {[%clk 0:16:16]} Qa8 {[%clk 0:01:17]} 36. Bf5+
{[%clk 0:16:37]} Kh8 {[%clk 0:01:45]} 37. Qg6 {[%clk 0:16:56]} Kg8
{[%clk 0:00:34]} 38. Qxd6 {[%clk 0:17:02]} b2 {[%clk 0:00:38]} 39. Qxc5
{[%clk 0:12:14]} Qb8+ {[%clk 0:00:57]} 40. g3 {[%clk 0:12:17]} b1=Q
{[%clk 0:01:18]} 41. Qd5+ {[%clk 0:12:13]} Kh8 {[%clk 0:25:34]} 42. Bxb1
{[%clk 0:42:36]} Qxb1 {[%clk 0:26:02]} 43. h4 {[%clk 0:42:55]} Qb2
{[%clk 0:25:26]} 44. Kg2 {[%clk 0:42:53]} Qe2 {[%clk 0:23:30]} 45. Qf5
{[%clk 0:41:17]} Qa6 {[%clk 0:22:47]} 46. g4 {[%clk 0:38:02]} Qc6+
{[%clk 0:20:24]} 47. Qf3 {[%clk 0:38:02]} Qe8 {[%clk 0:16:20]} 48. Qd5
{[%clk 0:36:43]} Qc8 {[%clk 0:14:02]} 49. Qe4 {[%clk 0:30:01]} Qd8
{[%clk 0:12:35]} 50. Kh3 {[%clk 0:28:56]} Qb6 {[%clk 0:11:18]} 51. Qf5
{[%clk 0:25:49]} Qa6 {[%clk 0:11:16]} 52. g5 {[%clk 0:26:01]} Qf1+
{[%clk 0:05:25]} 53. Kh2 {[%clk 0:26:24]} hxg5 {[%clk 0:05:39]} 54. hxg5
{[%clk 0:26:47]} Qc4 {[%clk 0:02:20]} 55. g6 {[%clk 0:26:28]} Kg8
{[%clk 0:00:44]} 56. Kg1 {[%clk 0:22:53]} Qc1+ {[%clk 0:01:00]} 57. Kg2
{[%clk 0:23:15]} Qc4 {[%clk 0:01:02]} 58. Kg3 {[%clk 0:22:52]} Qc3+
{[%clk 0:01:06]} 59. Kh2 {[%clk 0:19:56]} Qc4 {[%clk 0:01:14]} 60. Kh3
{[%clk 0:19:15]} Qf1+ {[%clk 0:01:19]} 61. Kg3 {[%clk 0:19:34]} Qg1+
{[%clk 0:01:00]} 62. Kf3 {[%clk 0:19:57]} Qd1+ {[%clk 0:00:32]} 63. Kg2
{[%clk 0:20:20]} Qd8 {[%clk 0:00:32]} 64. Qe6+ {[%clk 0:20:44]} Kh8
{[%clk 0:00:59]} 65. Qh3+ {[%clk 0:21:09]} Kg8 {[%clk 0:01:24]} 66. Qh7+
{[%clk 0:21:35]} Kf8 {[%clk 0:01:49]} 67. Qh8+ {[%clk 0:22:00]} Ke7
{[%clk 0:02:19]} 68. Qxg7+ {[%clk 0:22:19]} Ke6 {[%clk 0:02:41]} 69. Qf7+
{[%clk 0:22:22]} Ke5 {[%clk 0:03:02]} 70. g7 {[%clk 0:22:39]} Qa8+
{[%clk 0:02:40]} 71. Kh2 {[%clk 0:22:59]}
1-0

[Event "Landsturneringen 2017"]
[Site "Clarion Energy Hotel, Stavanger"]
[Date "2017.06.30"]
[Round "1"]
[White "Haug, Johannes"]
[Black "Lie, Kjetil A."]
[Result "1-0"]
[WhiteElo "2335"]
[BlackElo "2539"]
[PlyCount "80"]

1. d4 {[%clk 1:30:06]} d5 {[%clk 1:28:58]} 2. c4 {[%clk 1:29:52]} dxc4
{[%clk 1:28:51]} 3. e3 {[%clk 1:26:06]} e5 {[%clk 1:28:07]} 4. Bxc4
{[%clk 1:24:45]} Nc6 {[%clk 1:28:22]} 5. Nf3 {[%clk 1:23:10]} e4 {[%clk 1:28:22]}
6. Nfd2 {[%clk 1:18:53]} Qg5 {[%clk 1:28:21]} 7. Nxe4 {[%clk 1:15:28]} Qxg2
{[%clk 1:28:41]} 8. Ng3 {[%clk 1:15:21]} Nf6 {[%clk 1:28:16]} 9. Nc3
{[%clk 1:11:43]} Bb4 {[%clk 1:28:08]} 10. Bd2 {[%clk 1:06:51]} Bxc3
{[%clk 1:05:36]} 11. Bxc3 {[%clk 0:56:29]} Ne4 {[%clk 0:57:50]} 12. Rf1
{[%clk 0:52:46]} Ng5 {[%clk 0:46:11]} 13. Qh5 {[%clk 0:36:00]} h6
{[%clk 0:30:04]} 14. f4 {[%clk 0:29:48]} Be6 {[%clk 0:20:31]} 15. Bxe6
{[%clk 0:15:45]} Nxe6 {[%clk 0:15:44]} 16. d5 {[%clk 0:13:40]} Nb4
{[%clk 0:10:32]} 17. Bxb4 {[%clk 0:12:49]} Qxb2 {[%clk 0:10:59]} 18. Qe5
{[%clk 0:11:12]} Qxb4+ {[%clk 0:11:17]} 19. Kf2 {[%clk 0:11:16]} O-O-O
{[%clk 0:10:56]} 20. dxe6 {[%clk 0:10:56]} Rhe8 {[%clk 0:10:25]} 21. Rac1
{[%clk 0:05:53]} c6 {[%clk 0:10:08]} 22. Rcd1 {[%clk 0:04:34]} Rd2+
{[%clk 0:07:55]} 23. Kg1 {[%clk 0:04:00]} Rxe6 {[%clk 0:01:33]} 24. Qxg7
{[%clk 0:03:03]} Rxe3 {[%clk 0:00:57]} 25. Rxd2 {[%clk 0:00:42]} Qxd2
{[%clk 0:01:07]} 26. Qf8+ {[%clk 0:00:36]} Kd7 {[%clk 0:00:56]} 27. Qxf7+
{[%clk 0:00:42]} Re7 {[%clk 0:01:21]} 28. Qf5+ {[%clk 0:01:01]} Kc7
{[%clk 0:01:47]} 29. Rf2 {[%clk 0:00:34]} Qd4 {[%clk 0:00:54]} 30. Kg2
{[%clk 0:00:46]} Qc4 {[%clk 0:00:37]} 31. Rc2 {[%clk 0:00:38]} Qg8
{[%clk 0:00:43]} 32. Rd2 {[%clk 0:00:33]} b6 {[%clk 0:00:48]} 33. Qd3
{[%clk 0:00:42]} Kb7 {[%clk 0:00:57]} 34. Qf3 {[%clk 0:01:00]} Rf7
{[%clk 0:00:34]} 35. Re2 {[%clk 0:00:45]} Rf6 {[%clk 0:00:32]} 36. f5
{[%clk 0:00:52]} a5 {[%clk 0:00:32]} 37. Qe4 {[%clk 0:00:43]} Ka6
{[%clk 0:00:44]} 38. Rd2 {[%clk 0:00:35]} h5 {[%clk 0:00:55]} 39. h4
{[%clk 0:00:46]} Qf8 40. Re2 {[%clk 0:00:44]} b5 {[%clk 0:00:38]}
1-0

[Event "Landsturneringen 2017"]
[Site "Clarion Energy Hotel, Stavanger"]
[Date "2017.06.30"]
[Round "1"]
[White "Elsness, Frode"]
[Black "Grønn, Atle"]
[Result "1-0"]
[WhiteElo "2466"]
[BlackElo "2331"]
[PlyCount "79"]

1. d4 {[%clk 1:25:37]} g6 {[%clk 1:30:52]} 2. c4 {[%clk 1:26:02]} Bg7
{[%clk 1:31:18]} 3. e4 {[%clk 1:26:29]} c5 {[%clk 1:31:40]} 4. d5
{[%clk 1:26:50]} d6 {[%clk 1:32:03]} 5. Nc3 {[%clk 1:26:58]} e6 {[%clk 1:32:25]}
6. Bd3 {[%clk 1:25:29]} Ne7 {[%clk 1:32:49]} 7. h3 {[%clk 1:18:35]} O-O
{[%clk 1:33:11]} 8. Nf3 {[%clk 1:17:39]} a6 {[%clk 1:33:26]} 9. a4
{[%clk 1:15:17]} exd5 {[%clk 1:33:31]} 10. exd5 {[%clk 1:14:32]} Bf5
{[%clk 1:33:17]} 11. O-O {[%clk 1:11:26]} Nd7 {[%clk 1:32:35]} 12. Be2
{[%clk 1:05:03]} Nf6 {[%clk 1:30:58]} 13. g4 {[%clk 1:03:35]} Bd7
{[%clk 1:30:30]} 14. Bf4 {[%clk 1:02:23]} Qc7 {[%clk 1:25:23]} 15. Qd2
{[%clk 1:01:25]} Rfe8 16. Rfe1 {[%clk 1:00:40]} Rad8 {[%clk 1:14:13]} 17. Bg5
{[%clk 0:54:18]} Kh8 {[%clk 1:00:39]} 18. Bxf6 {[%clk 0:43:58]} Bxf6
{[%clk 0:59:32]} 19. Ne4 {[%clk 0:44:17]} Bg7 {[%clk 0:57:16]} 20. Qf4
{[%clk 0:43:00]} Rf8 {[%clk 0:45:19]} 21. Qxd6 {[%clk 0:35:05]} Qxd6
{[%clk 0:44:08]} 22. Nxd6 {[%clk 0:35:34]} Bxb2 {[%clk 0:37:08]} 23. Nxb7
{[%clk 0:26:31]} Bxa1 {[%clk 0:33:12]} 24. Rxa1 {[%clk 0:25:04]} Rb8
{[%clk 0:19:53]} 25. Nxc5 {[%clk 0:25:11]} Rfd8 {[%clk 0:19:55]} 26. Nxa6
{[%clk 0:21:22]} Rb2 {[%clk 0:20:05]} 27. Bf1 {[%clk 0:21:04]} h5
{[%clk 0:16:09]} 28. Nc5 {[%clk 0:19:21]} f6 {[%clk 0:12:49]} 29. Nd4
{[%clk 0:16:37]} hxg4 {[%clk 0:07:57]} 30. Nde6 {[%clk 0:14:53]} Bxe6
{[%clk 0:07:47]} 31. Nxe6 {[%clk 0:15:21]} Rdb8 {[%clk 0:06:39]} 32. hxg4
{[%clk 0:12:11]} Rb1 {[%clk 0:07:04]} 33. Rxb1 {[%clk 0:12:21]} Rxb1
{[%clk 0:07:31]} 34. Kg2 {[%clk 0:12:15]} Ra1 {[%clk 0:07:16]} 35. d6
{[%clk 0:11:45]} Nc6 {[%clk 0:07:30]} 36. c5 {[%clk 0:11:32]} Rxa4
{[%clk 0:06:26]} 37. Bb5 {[%clk 0:11:18]} Rxg4+ {[%clk 0:06:21]} 38. Kh3
{[%clk 0:11:08]} Ne5 {[%clk 0:06:11]} 39. d7 {[%clk 0:10:13]} Rb4
{[%clk 0:06:15]} 40. d8=Q+ {[%clk 0:09:54]}
1-0

[Event "Landsturneringen 2017"]
[Site "Clarion Energy Hotel, Stavanger"]
[Date "2017.06.30"]
[Round "1"]
[White "Moen, Andreas G.R."]
[Black "Lie, Espen"]
[Result "1/2-1/2"]
[WhiteElo "2330"]
[BlackElo "2462"]
[PlyCount "63"]

1. e4 {[%clk 1:30:57]} Nf6 {[%clk 1:30:47]} 2. e5 {[%clk 1:30:41]} Nd5
{[%clk 1:31:11]} 3. d4 {[%clk 1:30:51]} d6 {[%clk 1:31:33]} 4. c4
{[%clk 1:30:27]} Nb6 {[%clk 1:31:53]} 5. f4 {[%clk 1:30:12]} g6 {[%clk 1:31:54]}
6. Nc3 {[%clk 1:28:08]} Bg7 {[%clk 1:32:15]} 7. Be3 {[%clk 1:26:25]} Be6
{[%clk 1:32:13]} 8. b3 {[%clk 1:08:00]} O-O {[%clk 1:29:38]} 9. Nf3
{[%clk 1:03:16]} c5 {[%clk 1:27:40]} 10. dxc5 {[%clk 0:59:30]} N6d7
{[%clk 1:27:16]} 11. cxd6 {[%clk 0:57:23]} exd6 {[%clk 1:27:35]} 12. Qxd6
{[%clk 0:57:00]} Nxe5 {[%clk 1:27:09]} 13. Qxd8 {[%clk 0:55:03]} Nxf3+
{[%clk 1:27:16]} 14. gxf3 {[%clk 0:55:29]} Rxd8 {[%clk 1:26:41]} 15. Rc1
{[%clk 0:55:47]} Nc6 {[%clk 1:23:33]} 16. Be2 {[%clk 0:43:55]} Nd4
{[%clk 0:58:17]} 17. Nb5 {[%clk 0:38:32]} Nf5 {[%clk 0:51:17]} 18. Bxa7
{[%clk 0:32:14]} Rxa7 {[%clk 0:50:27]} 19. Nxa7 {[%clk 0:32:37]} Ra8
{[%clk 0:50:49]} 20. Nb5 {[%clk 0:32:17]} Rxa2 {[%clk 0:50:54]} 21. Kf2
{[%clk 0:08:45]} Bf6 {[%clk 0:45:44]} 22. Rhe1 {[%clk 0:08:32]} Bh4+
{[%clk 0:44:39]} 23. Kg1 {[%clk 0:09:01]} Bxe1 {[%clk 0:42:56]} 24. Rxe1
{[%clk 0:09:30]} Rb2 {[%clk 0:42:48]} 25. Bd1 {[%clk 0:07:29]} Rd2
{[%clk 0:21:26]} 26. Nc3 {[%clk 0:07:07]} Rd3 {[%clk 0:19:47]} 27. Ne4
{[%clk 0:07:01]} Nd4 {[%clk 0:12:06]} 28. Nc5 {[%clk 0:07:25]} Nxf3+
{[%clk 0:09:25]} 29. Bxf3 {[%clk 0:07:48]} Rxf3 {[%clk 0:09:48]} 30. Nxe6
{[%clk 0:07:45]} fxe6 {[%clk 0:10:13]} 31. Rxe6 {[%clk 0:08:09]} Rxb3
{[%clk 0:10:35]} 32. Re7 {[%clk 0:08:17]}
1/2-1/2